000
00320nam a22001457a 4500
008
221205b ||||| |||| 00| 0 eng d
020
_a
9780471379171
041
_a
eng
080
_2
3rd edition
_a
575
082
_a
575 voe
100
_a
13
101
_a
biokimi
245
_a
BIOCHEMISTRY
_c
VOET D
942
_2
udc
_c
BK
999
_c
59096
_d
59096